Del nomadismo al capitalismo / (Registro nro. 7035)

Detalles MARC
000 -LEADER
fixed length control field 00990nam a22002537a 4500
003 - CONTROL NUMBER IDENTIFIER
control field OSt
005 - DATE AND TIME OF LATEST TRANSACTION
control field 20201223115251.0
008 - FIXED-LENGTH DATA ELEMENTS--GENERAL INFORMATION
fixed length control field 201223s2009 ck abo|gr|||| 00| 0 spa d
040 0# - CATALOGING SOURCE
Original cataloging agency CO-JMCR
Transcribing agency CO-JMCR
041 0# - LANGUAGE CODE
Language code of text/sound track or separate title spa
082 04 - DEWEY DECIMAL CLASSIFICATION NUMBER
Classification number 330.12 /
Item number L789n
Edition number 23
100 1# - MAIN ENTRY--PERSONAL NAME
Personal name Lizarazo Moreno, Tania Milena,
Relator term autor
9 (RLIN) 12564
245 14 - TITLE STATEMENT
Title Del nomadismo al capitalismo /
Statement of responsibility, etc. Tania Milena Lizarazo Moreno
250 ## - EDITION STATEMENT
Edition statement Primera edición
260 ## - PUBLICATION, DISTRIBUTION, ETC.
Place of publication, distribution, etc. Bogotá :
Name of publisher, distributor, etc. voluntad,
Date of publication, distribution, etc. 2009
300 ## - PHYSICAL DESCRIPTION
Extent 96 páginas :
Other physical details ilustraciones, mapas, fotografías a color y blanco y negro ;
Dimensions 24 cm.
500 ## - GENERAL NOTE
General note Datos biográficos del autor en tapa posterior.
504 ## - BIBLIOGRAPHY, ETC. NOTE
Bibliography, etc. note Bibliografía : páginas 96.
505 ## - FORMATTED CONTENTS NOTE
Formatted contents note Economías primitivas -- Economías imperiales -- Economías feudales -- Economía industrial -- Economías capitalistas -- Economía global
650 24 - SUBJECT ADDED ENTRY--TOPICAL TERM
Topical term or geographic name entry element Sistemas económicos
9 (RLIN) 12565
650 24 - SUBJECT ADDED ENTRY--TOPICAL TERM
Topical term or geographic name entry element Económica primitiva
9 (RLIN) 12566
650 24 - SUBJECT ADDED ENTRY--TOPICAL TERM
Topical term or geographic name entry element Económica agrícola
9 (RLIN) 12567
942 ## - ADDED ENTRY ELEMENTS (KOHA)
Source of classification or shelving scheme Dewey Decimal Classification
Koha item type Books
Existencias
Withdrawn status Lost status Source of classification or shelving scheme Damaged status Not for loan Home library Current library Date acquired Total Checkouts Full call number Barcode Date last seen Copy number Price effective from Koha item type
    Dewey Decimal Classification     Biblioteca Pública José María del Castillo y Rada Biblioteca Pública José María del Castillo y Rada 12/23/2020   330.12 / L789n 201810182 05/16/2024 Ej.1 12/16/2020 Books